Gareth Southgate's Most Used England Players - Statistics

General Stats
  • This quiz has been taken 70 times
  • The average score is 8 of 10
Answer Stats
Caps Position Player % Correct
81 FW Harry Kane
98%
68 GK Jordan Pickford
95%
63 DEF Harry Maguire
91%
68 DEF John Stones
91%
70 DEF Kyle Walker
86%
57 FW Marcus Rashford
73%
55 FW Raheem Sterling
72%
52 MID Jordan Henderson
69%
58 MID Declan Rice
67%
54 DEF Kieran Trippier
59%
No matching quizzes found
Score Distribution
Percent of People with Each Score
Percentile by Number Answered
Your Score History
You have not taken this quiz